000 00726nam a2200277Ia 4500
005 20260324120310.0
008 008 260324s9999 xx 000 0 eng d
020 _a9781315720548
037 _aEBOOK
040 _aCRL
040 _beng
040 _cCRL
041 _2eng
041 _aeng
084 _qCRL
100 _aHull City Council; Susan Coulter; Lesley Kynman; Elizabeth Morling
_91158014
245 0 _aSupporting Children with Dyspraxia and Motor Co-ordination Difficulties
260 _bTaylor and Francis
260 _c2015
365 _a
365 _b280
856 _uhttp://www.taylorfrancis.com/books/9781315720548
942 _cEBOOK
999 _c1749471
_d1749471